Responses for Show #8922 - Tuesday, July 25, 2023

Contestants

[<< previous game]

Julie Sisson, a library circulation assistant from Everett, Washington

Andrew Knowles, a psychologist resident from Portland, Oregon

Taylor Clagett, a marketing director originally from Chesapeake Beach, Maryland (whose 2-day cash winnings total $31,800)

[next game >>]

Jeopardy! Round responses

JUST GOOGLY IT
THAT CAN BE A GREEK LETTER
THE OED DESCRIBES THE ANIMAL
RHYME THE TIME
(Ken: Each response is a rhyming phrase containing the word "the".)
SOMETHING'S ROTTEN
IN DENMARK
    $200 30
Ontario

Taylor
    $200 28
beta

Andrew
    $200 9
a camel

Taylor
    $200 17
decline the wine

Triple Stumper
    $200 22
(Taylor: [*]. What is [*]?)

Rotten Tomatoes

Taylor
    $200 7
(Andrew: What's a sword?)
(Taylor: What is a bridge?)
(Julie: What's a throne?)

flag

TaylorAndrewJulie
Triple Stumper
    $400 29
Mercury

Taylor
    $400 27
Delta

Julie
    $400 16
(Andrew: What's koi?)

goldfish

Andrew
Triple Stumper
    $400 18
share the bear

Taylor
    $400 26
a tiger

Andrew
    $400 6
Carlsberg

Triple Stumper
    $600 8
(Andrew: What is Bride of Frankenstein?)
...
(Ken: Yes, or "Franken-shteen".)

Young Frankenstein

AndrewJulie
    $600 12
Xi

Taylor
    $600 15
a bat

Triple Stumper
    $600 19
stun the nun

Andrew
    $600 25
The Princess Bride

Julie
    $600 5
the Jutland

Andrew
    $800 3
a rhombus

Andrew
    $1,800 10
Omega

Taylor
    $800 14
sea lions

Julie
    $800 20
cede the lead

Julie
    $800 24
Dirty Rotten Scoundrels

Taylor
    $800 2
bicycles

Taylor
    $1000 4
Grover Cleveland

Taylor
    $1000 11
chi

Andrew
    $1000 13
jellyfish

Andrew
    $1000 21
forsake the cake

Triple Stumper
    $1000 23
(Ken: Old school punk not your thing, [*].)

Public Image Ltd

Triple Stumper
    $1000 1
the Hanseatic League

Andrew

Scores at the first commercial break (after clue 15):

Taylor Andrew Julie
$4,200 $3,600 $1,200

Scores at the end of the Jeopardy! Round:

Taylor Andrew Julie
$6,200 $4,400 $3,000

Double Jeopardy! Round responses

STATE THE 19th CENTURY SENATOR
SOMEBODY WROTE THAT
THIS AMERICAN LAKE
KISS & TELL
WRITER-DIRECTORS
THE IDIOMS GO THATAWAY
    $400 16
Texas

Taylor
    $400 10
Austen

Julie
    $400 9
Great Salt Lake

Andrew
    $400 11
mistletoe

Andrew
    $400 26
Sofia Coppola

Julie
    $400 21
under the radar

Julie
    $800 20
Illinois

Andrew
    $800 3
(Andrew: Who is Dumas?)

Hugo

TaylorAndrew
    $800 8
Michigan

Andrew
    $800 12
[Julie did not include the leading article in her response.]

The Taming of the Shrew

Julie
    $800 27
(John) Hughes

Andrew
    $800 22
(Andrew: What's center of left?)

left of center

Andrew
Triple Stumper
    $1200 19
Kentucky

Andrew
    $1200 1
(Ken: Yeah, To Kill a Mockingbird.)

Lee

Julie
    $1200 7
Tahoe

Julie
    $1200 13
Mozart

Andrew
    $1200 28
Ryan Coogler

Triple Stumper
    $1200 23
go with the flow

Julie
    $1600 18
South Carolina

Andrew
    $4,000 2
(Julie: Oh. [Inhales sharply] Who is Wright?)
(Ken: I'm sorry, it's not Richard Wright but [*] wrote Invisible Man.)

Ralph Ellison

Julie
    $2,300 6
Champlain

Taylor
    $1600 14
(Andrew: Who is Isaac?)
...
(Ken: Isaac's son, [*].)

Jacob

Andrew
Triple Stumper
    $1600 29
[Ken imitates Peter Lorre's accent that generates laughter.]

Billy Wilder

Triple Stumper
    $1600 24
as the crow flies

Julie
    $2000 17
(Andrew: What's South Carolina?)

Massachusetts

Andrew
Triple Stumper
    $2000 4
Annie Proulx

Triple Stumper
    $2000 5
Winnebago

Taylor
    $2000 15
(Taylor: Who is Klimt?)
(Andrew: Who is Ionescu?)

Brâncuși

TaylorAndrew
Triple Stumper
    $2000 30
Boyhood

Andrew
    $2000 25
"Crossing the Bar"

Julie

Scores at the end of the Double Jeopardy! Round:

Taylor Andrew Julie
$9,700 $6,400 $8,200

[wagering suggestions for these scores]

Final Jeopardy! Round responses

COMPOUND WORD ORIGINS
(Ken: [To Andrew] What is [*]? As in you're a [*] of touching your tongue and your elbow.)
AndrewWhat is superstar
$301
JulieWhat is Superstar?
$3,010
TaylorWhat is star?
$8,722
superstar

Final scores:

Taylor Andrew Julie
$978 $6,701 $11,210
3rd place: $1,000 2nd place: $2,000 New champion: $11,210

Game dynamics:

Coryat scores:

Taylor Andrew Julie
$8,000 $6,400 $12,200
14 R
(including 2 DDs),
2 W
17 R,
8 W
14 R,
2 W
(including 1 DD)

Combined Coryat: $26,600

[game clues] [game scores] [suggest correction]

Game tape date: 2023-05-19
The J! Archive is created by fans, for fans. Scraping, republication, monetization, and malicious use prohibited; this site may use cookies and collect identifying information. See terms. The Jeopardy! game show and all elements thereof, including but not limited to copyright and trademark thereto, are the property of Jeopardy Productions, Inc. and are protected under law. This website is not affiliated with, sponsored by, or operated by Jeopardy Productions, Inc. Join the discussion at JBoard.tv.